000 00378nam a22001571a 4500
020 _a9788186116418
082 _aH3
_bRAN/T
100 _aRanveer Singh Rahi
245 _aTeesara ghar/
_cby Ranveer Singh Rahi
260 _aJaipur:
_bRachana Prakashan,
_c1999.
300 _a77p.
650 _aNovel Hindi
650 _aLiterature Hindi
650 _aLiterature
942 _cBK
999 _c46323
_d46323